Przeglad bibliograficzny pismiennictwa ekonomicznego styczen-grudzien

Saved in:
Bibliographic Details
Format: Serial
Language:Polish
Published: Warszawa Biblioteka szkoly glownej planovania i statystyki 1990
Tags: Add Tag
No Tags, Be the first to tag this record!

MARC

LEADER 00000nas2a2200000 4500
001 s124343
005 20250730114224.2
041 0 |a pol 
044 |a PL 
245 1 0 |a Przeglad bibliograficzny pismiennictwa ekonomicznego  |b styczen-grudzien 
264 1 |a Warszawa  |b Biblioteka szkoly glownej planovania i statystyki  |c 1990 
300 |a 1 zv.